000 00676nam a22002177a 4500
003 UA-OsUOA
001 82597
007 ta
008 20120314b un ||||| |||| 00| 0 ukr d
090 _a811.161.1
_bС56
942 _cBK
040 _aUA-OsUOA
_brus
_cUA-OsUOA
_dUA-OsUOA
245 _aСовременный русский язык
_cпод ред. Розенталя Д.Э.
300 _a636 с.
955 _a2
041 _arus
080 _a811.161.1
260 _aМ.
_bИзд-во Московского ун-та
_c1971
650 7 _a8 Мовознавство. Художня література. Літературознавство
_2UDC
999 _c368909
_d368909